Diálogos, Diálogos/ (Record no. 2077)

MARC details
000 -LEADER
campo de control de longitud fija 00546nam a22001697a 4500
003 - IDENTIFICADOR DE NÚMERO DE CONTROL
campo de control OSt
005 - FECHA Y HORA DE LA ÚLTIMA TRANSACCIÓN
campo de control 20220916195356.0
008 - DATOS DE LONGITUD FIJA--INFORMACIÓN GENERAL
campo de control de longitud fija 220916b |||||||| |||| 00| 0 eng d
020 ## - NÚMERO INTERNACIONAL ESTÁNDAR DEL LIBRO
Número Internacional Estándar del Libro 9058-29-9
040 ## - FUENTE DE CATALOGACIÓN
Centro/agencia transcriptor Biblioteca Lado V
082 ## - NÚMERO DE LA CLASIFICACIÓN DECIMAL DEWEY
Número de clasificación 709.809.04
Número de ítem J61d
100 ## - ENTRADA PRINCIPAL--NOMBRE DE PERSONA
Nombre de persona Jimenez, Ariel
Término indicativo de función/relación curador
245 ## - MENCIÓN DEL TÍTULO
Título Diálogos, Diálogos/
Resto del título Arte Latinoamericano desde la colección Cisneros/
260 ## - PUBLICACIÓN, DISTRIBUCIÓN, ETC.
Lugar de publicación, distribución, etc. Colombia
Nombre del editor, distribuidor, etc. Panamericana Formas e Impresos S.A.
Fecha de publicación, distribución, etc. 2005
300 ## - DESCRIPCIÓN FÍSICA
Extensión 125p.
Dimensiones 22x28cm
942 ## - ELEMENTOS DE ENTRADA SECUNDARIOS (KOHA)
Fuente del sistema de clasificación o colocación Clasificación Decimal Dewey
Tipo de ítem Koha Libros
Parte de la signatura que corresponde a la clasificación (Parte de la clasificación) 709.809.04
Parte de la signatura que identifica el ejemplar (Parte del ítem) J61d
Suprimir en OPAC No
Holdings
Estatus retirado Estado de pérdida Fuente del sistema de clasificación o colocación Estado de daño No para préstamo Biblioteca de origen Biblioteca actual Fecha de adquisición Número de inventario Total de préstamos Signatura topográfica completa Código de barras Visto por última vez Precio de reemplazo Tipo de ítem Koha
    Clasificación Decimal Dewey     Biblioteca LadoV Biblioteca LadoV 16/09/2022 001392   709.809.04 J61d 001392 16/09/2022 16/09/2022 Libros
    Clasificación Decimal Dewey     Biblioteca LadoV Biblioteca LadoV 16/09/2022 001392   709.809.04 J61d   16/09/2022 16/09/2022 Libros